MLB The Show 24 99 Overall Cards - Statistics

General Stats
  • This quiz has been taken 172 times
    114 since last reset
  • The average score is 84 of 432
Answer Stats
Team Pos Player % Correct
Yankees CF Aaron Judge
82%
Yankees CF Aaron Judge
82%
Yankees CF Aaron Judge
82%
Yankees SP Babe Ruth
61%
Yankees RF Juan Soto
58%
Yankees RF Juan Soto
58%
Tigers CP Gregory Soto
56%
Yankees SP Gerrit Cole
53%
Astros SP Gerrit Cole
53%
Angels CF Mike Trout
53%
Dodgers DH Shohei Ohtani
52%
Dodgers DH Shohei Ohtani
52%
Yankees SS Derek Jeter
50%
Orioles SS Gunnar Henderson
48%
Orioles SS Gunnar Henderson
48%
Yankees DH Giancarlo Stanton
47%
Marlins RF Giancarlo Stanton
47%
Yankees CP Mariano Rivera
47%
D-Backs SP Randy Johnson
47%
Athletics LF Rickey Henderson
47%
Phillies 1B Bryce Harper
45%
Guardians C David Fry
45%
Guardians 1B David Fry
45%
Yankees CF Mickey Mantle
45%
Dodgers SS Mookie Betts
45%
Dodgers RF Mookie Betts
45%
Rays SS Carson Williams
44%
Rays SS Carson Williams
44%
Brewers RP Devin Williams
44%
Rangers C Ivan Rodriguez
44%
Mariners CF Julio Rodriguez
44%
Astros 3B Alex Bregman
42%
Yankees CF Bernie Williams
42%
Cubs LF Billy Williams
42%
Red Sox 1B David Ortiz
42%
Padres RF Fernando Tatis Jr.
42%
Padres RF Fernando Tatis Jr.
42%
Mets SS Francisco Lindor
42%
Mets SS Francisco Lindor
42%
Astros 2B Jose Altuve
42%
Red Sox 3B Rafael Devers
42%
Royals SS Bobby Witt Jr.
40%
Royals SS Bobby Witt Jr.
40%
Rangers SS Corey Seager
40%
Braves 1B Freddie Freeman
40%
Dodgers 1B Freddie Freeman
40%
Braves RF Ronald Acuna Jr.
40%
Guardians 3B Jose Ramirez
39%
Mariners 3B Edgar Martinez
37%
Reds SS Elly De La Cruz
37%
Mets 1B Pete Alonso
37%
Phillies SS Trea Turner
37%
Nationals RF Vladimir Guerrero
37%
Blue Jays 1B Vladimir Guerrero Jr.
37%
Blue Jays 1B Vladimir Guerrero Jr.
37%
Yankees C Austin Wells
35%
Orioles 3B Brooks Robinson
35%
Dodgers RF Cody Bellinger
35%
Dodgers 2B Jackie Robinson
35%
Mets SP Jacob deGrom
35%
Dodgers 3B Justin Turner
35%
Mariners CF Ken Griffey Jr.
35%
Yankees 1B Lou Gehrig
35%
Braves 3B Austin Riley
34%
Guardians RP Cade Smith
34%
Yankees C Jorge Posada
34%
D-Backs 2B Ketel Marte
34%
D-Backs 2B Ketel Marte
34%
Cubs CP Lee Smith
34%
Padres 3B Manny Machado
34%
Cardinals SS Ozzie Smith
34%
Tigers SP Tarik Skubal
34%
Tigers SP Tarik Skubal
34%
Reds CP Aroldis Chapman
32%
Red Sox RP Chris Martin
32%
Marlins SP Eury Perez
32%
Twins CP Jhoan Duran
32%
Reds RF Ken Griffey Sr.
32%
Giants 3B Matt Chapman
32%
Dodgers 3B Max Muncy
32%
Pirates SP Paul Skenes
32%
Pirates SP Paul Skenes
32%
Pirates SP Paul Skenes
32%
Royals C Salvador Perez
32%
Reds 3B Tony Perez
32%
Astros LF Yordan Alvarez
32%
Twins CF Byron Buxton
31%
Braves SP Chris Sale
31%
Braves SP Chris Sale
31%
Marlins LF Christian Yelich
31%
Yankees C Gary Sanchez
31%
Red Sox CF Jarren Duran
31%
Phillies LF Kyle Schwarber
31%
Athletics CP Mason Miller
31%
Cardinals 3B Nolan Arenado
31%
Pirates CF Oneil Cruz
31%
D-Backs 1B Paul Goldschmidt
31%
Red Sox SP Pedro Martinez
31%
Blue Jays RF Shawn Green
31%
Giants CF Willie Mays
31%
Giants CF Willie Mays
31%
Yankees CP Andrew Miller
29%
Yankees SS Anthony Volpe
29%
Blue Jays SS Bo Bichette
29%
Rays SS Brad Miller
29%
Braves 3B Chipper Jones
29%
Rockies LF Dante Bichette
29%
Red Sox RF J.D. Martinez
29%
D-Backs CP Justin Martinez
29%
Reds SP Nick Martinez
29%
Rangers SP Nolan Ryan
29%
Dodgers LF Teoscar Hernandez
29%
Dodgers LF Teoscar Hernandez
29%
Orioles C Adley Rutschman
27%
Cubs SP* Anthony Rizzo
27%
Twins SS Carlos Correa
27%
Dodgers CF Enrique Hernandez
27%
Tigers SS Javier Baez
27%
Rockies RF Larry Walker
27%
Athletics 1B Matt Olson
27%
Cardinals C Willson Contreras
27%
Orioles SS Cal Ripken Jr.
26%
Cardinals RF Jordan Walker
26%
Astros SP Justin Verlander
26%
White Sox CF Luis Robert Jr.
26%
Braves CF Michael Harris II
26%
Braves SP Spencer Strider
26%
Rays 1B Yandy Diaz
26%
Yankees SP Carlos Rodon
24%
Dodgers SP Clayton Kershaw
24%
D-Backs RF Corbin Carroll
24%
Braves RF Hank Aaron
24%
Orioles SS Jackson Holliday
24%
Astros RF Kyle Tucker
24%
Braves DH Marcell Ozuna
24%
Blue Jays 2B Marcus Semien
24%
Rockies LF Matt Holliday
24%
Nationals SP Max Scherzer
24%
Yankees CP Rich Gossage
24%
White Sox SS Tim Anderson
24%
Brewers C William Contreras
24%
Phillies SP Zack Wheeler
24%
Rockies CF Charlie Blackmon
23%
Orioles SP Corbin Burnes
23%
White Sox 1B Frank Thomas
23%
Nationals LF James Wood
23%
Guardians CF Lane Thomas
23%
Mets 3B Mark Vientos
23%
Mets 3B Mark Vientos
23%
Giants SP Blake Snell
21%
Giants SP Blake Snell
21%
Cardinals SP Bob Gibson
21%
Athletics LF Brent Rooker
21%
Phillies 2B Bryson Stott
21%
Rays 1B Carlos Pena
21%
Padres SP Dylan Cease
21%
Guardians CP Emmanuel Clase
21%
Astros SS Jeremy Pena
21%
Cubs SP Kerry Wood
21%
Cubs 3B Kris Bryant
21%
White Sox 2B Lenyn Sosa
21%
Yankees RF Paul O'Neill
21%
Cubs RF Sammy Sosa
21%
Rockies SS Trevor Story
21%
Dodgers SP Yoshinobu Yamamoto
21%
Guardians SP Cliff Lee
19%
Astros 2B Craig Biggio
19%
Red Sox SP Cy Young
19%
White Sox SP Garrett Crochet
19%
Royals 3B George Brett
19%
Braves SP Greg Maddux
19%
Brewers RF Jackson Chourio
19%
Brewers LF Jackson Chourio
19%
Twins 2B Jorge Polanco
19%
Braves SP Max Fried
19%
Rangers SS Michael Young
19%
Marlins 2B Otto Lopez
19%
Pirates RF Roberto Clemente
19%
Cubs RF Seiya Suzuki
19%
Guardians LF Steven Kwan
19%
Pirates RF Andrew McCutchen
18%
Yankees SP Andy Pettitte
18%
Nationals 3B Anthony Rendon
18%
Braves CP Billy Wagner
18%
Twins 1B Carlos Santana
18%
Rockies 1B C.J. Cron
18%
Reds 3B Eugenio Suarez
18%
Mariners SP George Kirby
18%
Astros CF George Springer
18%
Pirates SS Honus Wagner
18%
Astros SP Hunter Brown
18%
Padres CF Jackson Merrill
18%
Phillies SS Jimmy Rollins
18%
D-Backs DH Joc Pederson
18%
Twins C Joe Mauer
18%
Cardinals 1B Joe Torre
18%
Reds 1B Joey Votto
18%
Reds C Johnny Bench
18%
Tigers RF Kerry Carpenter
18%
Angels C Logan O'Hoppe
18%
Padres 1B Luis Arraez
18%
Cubs CF Pete Crow-Armstrong
18%
Brewers 1B Prince Fielder
18%
Rays LF Randy Arozarena
18%
Padres CP Robert Suarez
18%
Phillies SP Roy Halladay
18%
Phillies 1B Ryan Howard
18%
Marlins SP Sandy Alcantara
18%
Dodgers SS Tommy Edman
18%
Dodgers CF Tommy Edman
18%
Dodgers CP Walker Buehler
18%
Brewers SS Willy Adames
18%
Mets SP Al Leiter
16%
Orioles RF Anthony Santander
16%
Pirates LF Bryan Reynolds
16%
Mets C Gary Carter
16%
Twins SP Johan Santana
16%
Braves CP John Smoltz
16%
Yankees CP Luke Weaver
16%
Cardinals 2B Matt Carpenter
16%
Tigers LF Riley Greene
16%
Athletics CP Rollie Fingers
16%
Athletics LF* Rollie Fingers
16%
Cardinals LF Stan Musial
16%
Angels LF Taylor Ward
16%
Dodgers SP Tyler Glasnow
16%
Yankees LF Alex Verdugo
15%
Giants SS Brandon Crawford
15%
Giants CP Brian Wilson
15%
Yankees SP Catfish Hunter
15%
Braves CP Craig Kimbrel
15%
Dodgers SP Fernando Valenzuela
15%
Reds SP Hunter Greene
15%
Cubs LF Ian Happ
15%
Astros 1B Jeff Bagwell
15%
Astros CP Josh Hader
15%
Rays 3B Junior Caminero
15%
Cardinals 1B Mark McGwire
15%
Phillies 3B Mike Schmidt
15%
Phillies 3B Mike Schmidt
15%
Phillies RF Nick Castellanos
15%
Brewers SS Robin Yount
15%
Phillies LF Weston Wilson
15%
Rangers 3B Adrian Beltre
13%
Dodgers RP Anthony Banda
13%
Brewers 2B Brice Turang
13%
Orioles LF Colton Cowser
13%
Mets 3B David Wright
13%
Yankees 3B D.J. LeMahieu
13%
Nationals CF Dylan Crews
13%
Dodgers CP Eric Gagne
13%
Guardians 1B Jhonkensy Noel
13%
Guardians 1B Jim Thome
13%
White Sox 1B Jose Abreu
13%
Dodgers CP Kenley Jansen
13%
Cardinals CF Lars Nootbaar
13%
Cardinals RF Lars Nootbaar
13%
Athletics RF Lawrence Butler
13%
Nationals 2B Luis Garcia
13%
Padres SP Michael King
13%
Red Sox SP Rich Hill
13%
Cardinals CP Ryan Helsley
13%
Padres RP Tanner Scott
13%
Braves SP Tom Glavine
13%
Mets SP Tom Seaver
13%
Red Sox 3B Wade Boggs
13%
Reds LF Adam Dunn
11%
Yankees SP C.C. Sabathia
11%
Orioles CF Cedric Mullins
11%
Braves 3B Eddie Mathews
11%
Cubs SS Ernie Banks
11%
Red Sox LF Jim Rice
11%
Padres LF Jurickson Profar
11%
Red Sox 1B Mike Napoli
11%
Royals SP Seth Lugo
11%
Cardinals SP Sonny Gray
11%
Rockies 1B Todd Helton
11%
Rockies SP* Todd Helton
11%
Padres RF Tony Gwynn
11%
Angels CF Torii Hunter
11%
Rangers LF Wyatt Langford
11%
Angels SS Zach Neto
11%
Athletics CP Blake Treinen
10%
Orioles 2B Brian Roberts
10%
Giants CP Camilo Doval
10%
Phillies 2B Chase Utley
10%
Angels CF Chili Davis
10%
Royals SP Cole Ragans
10%
White Sox SS Colson Montgomery
10%
Reds CF Eric Davis
10%
Rockies SS Ezequiel Tovar
10%
Yankees 2B Gleyber Torres
10%
Dodgers SP Jack Flaherty
10%
Braves RF Jason Heyward
10%
Rangers 3B Joey Gallo
10%
Mets SP Kodai Senga
10%
D-Backs LF Luis Gonzalez
10%
Mets SP Luis Severino
10%
Tigers CF Max Clark
10%
Dodgers RP Michael Kopech
10%
Yankees SP Mike Mussina
10%
Twins C Mitch Garver
10%
Blue Jays 3B Paul Molitor
10%
Blue Jays SP Robbie Ray
10%
Phillies SP Robin Roberts
10%
Brewers LF Ryan Braun
10%
Angels RF Tim Salmon
10%
Blue Jays CP Tom Henke
10%
Tigers 1B Tony Clark
10%
Angels 3B Troy Glaus
10%
Royals SP Zack Greinke
10%
Yankees 2B Alfonso Soriano
8%
Rockies CF Brenton Doyle
8%
Guardians SP Carlos Carrasco
8%
Blue Jays 1B Carlos Delgado
8%
D-Backs RF Daulton Varsho
8%
Athletics CP Dennis Eckersley
8%
Dodgers CF Duke Snider
8%
D-Backs 3B Eduardo Escobar
8%
Rays CP Edwin Uceta
8%
Twins RP Griffin Jax
8%
Marlins 3B Jake Burger
8%
Yankees CF Jasson Dominguez
8%
Rangers 3B Josh Jung
8%
Rangers CP Kirby Yates
8%
Cardinals LF Lou Brock
8%
White Sox SP Lucas Giolito
8%
Reds RP Rob Dibble
8%
Rockies 3B Ryan McMahon
8%
Cubs SP Shota Imanaga
8%
Reds LF Spencer Steer
8%
Royals 2B Whit Merrifield
8%
Marlins SS Xavier Edwards
8%
Padres SP Yu Darvish
8%
Braves RP Aaron Bummer
6%
Tigers SS Alan Trammell
6%
Tigers RF Al Kaline
6%
Guardians SP Bob Feller
6%
Twins 2B Brian Dozier
6%
Guardians 1B Eddie Murray
6%
Cubs SP Fergie Jenkins
6%
Dodgers LF Gary Sheffield
6%
Rockies SP German Marquez
6%
Twins 3B Harmon Killebrew
6%
Mariners SP James Paxton
6%
Mets LF Jesse Winker
6%
Angels CF Jim Edmonds
6%
Reds SP Johnny Cueto
6%
Blue Jays SP Jose Berrios
6%
Mets SP Jose Quintana
6%
Giants SP Juan Marichal
6%
Twins 1B Justin Morneau
6%
Rockies SP Kyle Freeland
6%
Padres C Kyle Higashioka
6%
Cardinals SP Quinn Mathews
6%
Twins 2B Rod Carew
6%
Twins C Ryan Jeffers
6%
Mets SP Sean Manaea
6%
Yankees RP Tommy Kahnle
6%
Guardians 2B Travis Bazzana
6%
Padres CP Trevor Hoffman
6%
Giants SS Tyler Fitzgerald
6%
Red Sox LF Tyler O'Neill
6%
Mariners RF Victor Robles
6%
Twins CF Walker Jenkins
6%
Astros 3B Yuli Gurriel
6%
Rockies RP Adam Ottavino
5%
Nationals CF Andre Dawson
5%
Red Sox LF Andrew Benintendi
5%
Reds SS Barry Larkin
5%
Twins SP Burt Blyleven
5%
Yankees CF Curtis Granderson
5%
Guardians CF Grady Sizemore
5%
Rangers 2B Ian Kinsler
5%
Cubs SP Jake Arrieta
5%
White Sox C James McCann
5%
Reds 2B Joe Morgan
5%
Royals CF Johnny Damon
5%
Rays CF Kevin Kiermaier
5%
Red Sox 2B Kristian Campbell
5%
Guardians CF Larry Doby
5%
Royals CP Lucas Erceg
5%
Giants CF Luis Matos
5%
Red Sox DH Masataka Yoshida
5%
Giants SP Matt Cain
5%
Rays SP Matt Moore
5%
Cubs 1B Michael Busch
5%
Twins 3B Miguel Sano
5%
Padres CF Mike Cameron
5%
Marlins 3B Mike Lowell
5%
Pirates LF Ralph Kiner
5%
Reds RF Rece Hinds
5%
Brewers 1B Richie Sexson
5%
Giants CP Robb Nen
5%
Astros SP Roy Oswalt
5%
Cardinals RF Ryan Ludwick
5%
Cubs 2B Ryne Sandberg
5%
Orioles C Samuel Basallo
5%
Astros SP Spencer Arrighetti
5%
D-Backs CF Steve Finley
5%
Athletics SP Vida Blue
5%
Braves 1B Warren Spahn
5%
Giants 1B Willie McCovey
5%
Pirates LF Willie Stargell
5%
Tigers 3B Andy Ibanez
3%
Pirates 2B Bill Mazeroski
3%
Mets RP Brooks Raley
3%
Dodgers SP Don Sutton
3%
Padres C Ethan Salas
3%
Royals CF Garrett Hampson
3%
Brewers 1B Jake Bauers
3%
Pirates LF Jason Bay
3%
Phillies 1B John Kruk
3%
Royals RP Josh Staumont
3%
Athletics SP J.P. Sears
3%
Red Sox 3B Kevin Youkilis
3%
Red Sox SS Marcelo Mayer
3%
Reds CF* Michael Lorenzen
3%
Giants RF Mike Yastrzemski
3%
White Sox LF Minnie Minoso
3%
Cardinals 1B Orlando Cepeda
3%
Orioles 1B Rafael Palmeiro
3%
Mariners LF Raul Ibanez
3%
Giants SS Rich Aurilia
3%
Nationals LF Tim Raines
3%
Twins RF Tony Oliva
3%
Rockies 3B Vinny Castilla
3%
Marlins SP A.J. Burnett
2%
Padres RF Hunter Renfroe
2%
Padres RP Jeremiah Estrada
2%
Marlins 1B Jonah Bride
2%
Blue Jays CF Kevin Pillar
2%
No matching quizzes found
Score Distribution
Percent of People with Each Score
Percentile by Number Answered
Your Score History
You have not taken this quiz since the last reset